Central Library OPAC University of Rajshahi

Animal cell culture : (Record no. 37016)

MARC details
000 -LEADER
fixed length control field 00958nam a2200301 a 4500
001 - CONTROL NUMBER
control field 37016
003 - CONTROL NUMBER IDENTIFIER
rucl marc code BD-RjUL
005 - DATE AND TIME OF LATEST TRANSACTION
control field 20211209052552.0
008 - FIXED-LENGTH DATA ELEMENTS--GENERAL INFORMATION
fixed length control field 141001s1992 enka b 001 0 eng
020 ## - INTERNATIONAL STANDARD BOOK NUMBER
International Standard Book Number 019963212X (hbk.) :
International Standard Book Number 0199632138 (pbk.) :
035 ## - SYSTEM CONTROL NUMBER
System control number (BD-RjUL)37118
040 ## - CATALOGING SOURCE
Original cataloging agency DLC
Transcribing agency DLC
Modifying agency DLC
-- BD-RjUL
Language of cataloging eng
041 ## - LANGUAGE CODE
Language code of text/sound track or separate title eng
082 00 - DEWEY DECIMAL CLASSIFICATION NUMBER
Classification number 591.870724
Edition number 20
Author mark and year ANI 1992
245 00 - TITLE STATEMENT
Title Animal cell culture :
Remainder of title a practical approach /
Statement of responsibility, etc. edited by R.I. Freshney.
250 ## - EDITION STATEMENT
Edition statement 2nd ed.
260 ## - PUBLICATION, DISTRIBUTION, ETC. (IMPRINT)
Place of publication, distribution, etc. Oxford [England] ;
-- New York :
Name of publisher, distributor, etc. IRL Press at Oxford University Press,
Date of publication, distribution, etc. c1992.
300 ## - PHYSICAL DESCRIPTION
Pagination xix, 329 p. :
Illustrations ill. ;
Size 25 cm.
504 ## - BIBLIOGRAPHY, ETC. NOTE
Bibliography, etc Includes bibliographical references and index.
650 #0 - SUBJECT ADDED ENTRY--TOPICAL TERM
Topical term or geographic name as entry element Cell culture.
9 (RLIN) 113127
Topical term or geographic name as entry element Tissue culture.
9 (RLIN) 113128
700 1# - ADDED ENTRY--PERSONAL NAME
Personal name Freshney, R. Ian.
942 ## - ADDED ENTRY ELEMENTS (KOHA)
Source of classification or shelving scheme Dewey Decimal Classification
Koha item type Books
Holdings
Lost status Source of classification or shelving scheme Damaged status Not for loan Collection code Permanent Location Current Location Shelving location Date acquired Total Checkouts Full call number Date last seen Copy number Koha item type
  Dewey Decimal Classification   Not For Loan Non-fiction Institute of Biological Sciences (IBSc) Library Institute of Biological Sciences (IBSc) Library   30/09/2014   591.870724 ANI 1992 01/10/2014 C-1 Books
  Dewey Decimal Classification   Not For Loan Non-fiction Institute of Biological Sciences (IBSc) Library Institute of Biological Sciences (IBSc) Library       591.870724 ANI 1992 12/10/2014 C-2 Books